Midnight in the garden of good and evil : (Record no. 152)

MARC details
000 -LEADER
fixed length control field 01134cam a2200313 a 4500
005 - DATE AND TIME OF LATEST TRANSACTION
control field 20260322212008.0
008 - FIXED-LENGTH DATA ELEMENTS--GENERAL INFORMATION
fixed length control field data
010 ## - LIBRARY OF CONGRESS CONTROL NUMBER
LC control number 93003955
020 ## - INTERNATIONAL STANDARD BOOK NUMBER
International Standard Book Number 0679751521
Terms of availability {dollar}23.00
020 ## - INTERNATIONAL STANDARD BOOK NUMBER
International Standard Book Number 9780679751526
Terms of availability {dollar}23.00
040 ## - CATALOGING SOURCE
Original cataloging agency DLC
Transcribing agency DLC
Modifying agency DLC
043 ## - GEOGRAPHIC AREA CODE
Geographic area code n-us-ga
050 00 - LIBRARY OF CONGRESS CALL NUMBER
Classification number F294.S2
Item number B48 1994
082 00 - DEWEY DECIMAL CLASSIFICATION NUMBER
Classification number 975.8/724
Edition information 20
092 ## - LOCALLY ASSIGNED DEWEY CALL NUMBER (OCLC)
Classification number 975.8 B48 1994
001 - CONTROL NUMBER
control field data
100 1# - MAIN ENTRY--PERSONAL NAME
Personal name Berendt, John,
Dates associated with a name 1939-
245 10 - TITLE STATEMENT
Title Midnight in the garden of good and evil :
Remainder of title a Savannah story /
Statement of responsibility, etc. John Berendt.
250 ## - EDITION STATEMENT
Edition statement First Vintage Books Edition
260 ## - PUBLICATION, DISTRIBUTION, ETC.
Place of publication, distribution, etc. New York :
Name of publisher, distributor, etc. Random House,
Date of publication, distribution, etc. 1999, c1994.
300 ## - PHYSICAL DESCRIPTION
Extent 388 p. ;
Dimensions 25 cm.
600 10 - SUBJECT ADDED ENTRY--PERSONAL NAME
Personal name Williams, Jim,
Dates associated with a name d. 1990.
650 #0 - SUBJECT ADDED ENTRY--TOPICAL TERM
Topical term or geographic name entry element Trials (Murder)
Geographic subdivision Savannah.
-- Savannah.
651 #0 - SUBJECT ADDED ENTRY--GEOGRAPHIC NAME
Geographic name Savannah (Ga.)
General subdivision Social life and customs.
651 #0 - SUBJECT ADDED ENTRY--GEOGRAPHIC NAME
Geographic name Savannah (Ga.)
General subdivision History.
856 42 - ELECTRONIC LOCATION AND ACCESS
Materials specified Contributor biographical information
Uniform Resource Identifier <a href="http://www.loc.gov/catdir/bios/random056/93003955.html">http://www.loc.gov/catdir/bios/random056/93003955.html</a>
856 41 - ELECTRONIC LOCATION AND ACCESS
Materials specified Sample text
Uniform Resource Identifier <a href="http://www.loc.gov/catdir/samples/random044/93003955.html">http://www.loc.gov/catdir/samples/random044/93003955.html</a>
856 42 - ELECTRONIC LOCATION AND ACCESS
Materials specified Publisher description
Uniform Resource Identifier <a href="http://www.loc.gov/catdir/description/random0411/93003955.html">http://www.loc.gov/catdir/description/random0411/93003955.html</a>
Holdings
Withdrawn status Lost status Damaged status Not for loan Home library Current library Shelving location Date acquired Total checkouts Full call number Barcode Date last seen Price effective from Koha item type
        Pleasant Valley Pleasant Valley General stacks 22/03/2026   975.8/724 20 BC0010156 22/03/2026 22/03/2026 Books